000 00445nam a2200193Ia 4500
999 _c49927
_d49927
003 0100
005 20170614105407.0
008 130303s9999 xx 000 0 und d
040 _cARRUPELIB
050 _aDT524.T5 1957
100 _aThompson, Virginia McLean
_932573
245 _aFrench West Africa
260 _bStanford University Press
_aStanfrod
_c1957
300 _a626 p.
300 _b 23 cm
650 _aAfrica, French West
_932574
700 _aAdloff, Richard
_930389
942 0 0 _01
_2lcc
_cMONOGRAPH